Volver a educar (Registro nro. 4762)

Detalles MARC
000 -LEADER
fixed length control field 01020 a2200205 4500
001 - CONTROL NUMBER
control field 48937
005 - DATE AND TIME OF LATEST TRANSACTION
control field 20260407155755.0
008 - FIXED-LENGTH DATA ELEMENTS--GENERAL INFORMATION
fixed length control field 260407a1995 arg spa d
003 - CONTROL NUMBER IDENTIFIER
control field AR-UNSa-BCEJYS
040 ## - CATALOGING SOURCE
Original cataloging agency AR-UNSa-BCEJYS
Language of cataloging spa
Transcribing agency AR-UNSa-BCEJYS
080 ## - UNIVERSAL DECIMAL CLASSIFICATION NUMBER
Universal Decimal Classification number 37
Common auxiliary subdivision Educación. Enseñanza. Formación
020 ## - INTERNATIONAL STANDARD BOOK NUMBER
International Standard Book Number 950-9122-28-9
100 1# - MAIN ENTRY--PERSONAL NAME
Personal name Puiggrós, Adriana
245 10 - TITLE STATEMENT
Title Volver a educar
Name of part/section of a work el desafío de la enseñanza argentina a finales del siglo XX
264 #1 - PRODUCTION, PUBLICATION, DISTRIBUTION, MANUFACTURE, AND COPYRIGHT NOTICE
Place of production, publication, distribution, manufacture Barcelona :
Name of producer, publisher, distributor, manufacturer Ariel
Date of production, publication, distribution, manufacture, or copyright notice 1995
300 ## - PHYSICAL DESCRIPTION
Extent 254 p.
Dimensions 21 cm.
505 ## - FORMATTED CONTENTS NOTE
Formatted contents note PRIMERA PARTE: Una mirada a la situación educativa: 1. Reflexiones sobre la conmoción cultural - 2. Reflexiones sobre la crisis de la educación - 3. Reflexiones para pedagogos - 4. Reflexiones para educadores - SEGUNDA PARTE: El debate actual de la educación argentina: 5. Educación y Tercer Mundo - 6. Insuficiencias del paradigma educativo - 7. Los conceptos tienen alas - 8. La agencia pedagógica neoliberal.
590 ## - LOCAL NOTE (RLIN)
Local note niveau_biblio:m niveau_hierar:0
942 ## - ADDED ENTRY ELEMENTS (KOHA)
Koha item type
Existencias
Withdrawn status Lost status Damaged status Not for loan Home library Current library Shelving location Date acquired Total checkouts Full call number Barcode Date last seen Price effective from Koha item type
        Biblioteca Prof. Eusebio Cleto del Rey Biblioteca Prof. Eusebio Cleto del Rey   07/04/2026   37 P979 L69975 07/04/2026 07/04/2026 Libro
        Biblioteca Prof. Eusebio Cleto del Rey Biblioteca Prof. Eusebio Cleto del Rey   07/04/2026   37 P979 L69974 07/04/2026 07/04/2026 Libro